Housing development : delivery systems some comments and suggestions

Bibliographic Details
Main Author: Huan Cheng Kee
Corporate Author: INSPEN
Format: Book
Subjects:
Online Access:http://app.inspen.gov.my:7779/pls/portal/docs/PAGE/CORPORATEPAGES/PORTAL_INSPEN/LAPORAN_PENYELIDIKAN_DI_PERPUSTAKAAN/FE.PDF

MARC

LEADER 00000cam a2200000 7i4500
001 0000007383
005 20070905.0
040 |a INS 
090 0 0 |a RESEARCH 74 
100 0 |a Huan Cheng Kee 
245 1 0 |a Housing development :   |b delivery systems some comments and suggestions 
300 |c 30cm. 
500 |a Digital document is available on-line; Please click the URL below 
650 0 0 |a Housing development 
650 0 0 |a Housing   |z Malaysia 
710 2 |a INSPEN 
856 |u http://app.inspen.gov.my:7779/pls/portal/docs/PAGE/CORPORATEPAGES/PORTAL_INSPEN/LAPORAN_PENYELIDIKAN_DI_PERPUSTAKAAN/FE.PDF 
999 |a RES0000133   |b BOOK   |c Research By JPPH Staff   |e Default branch 
999 |a RES0000134   |b BOOK   |c Research By JPPH Staff   |e Default branch